[Event "World-chT Rapid"]
[Site "Duesseldorf"]
[Date "2023.08.27"]
[Round "8.5"]
[White "Kesselmeier, Kevin"]
[Black "Danielian, Elina"]
[Result "0-1"]
[WhiteElo "2011"]
[BlackElo "2416"]
[PlyCount "68"]
[EventDate "2023.08.26"]
[EventType "team-swiss (rapid)"]
[EventRounds "12"]
[EventCountry "GER"]
[SourceTitle "CBM 215 Extra"]
[Source "ChessBase"]
[SourceDate "2023.09.30"]
[SourceVersion "1"]
[SourceVersionDate "2023.09.30"]
[SourceQuality "1"]
[WhiteTeam "Wensing & Poebel"]
[BlackTeam "Armenia"]
[WhiteTeamCountry "GER"]
[BlackTeamCountry "ARM"]

1. e4 d6 2. d4 g6 3. Nc3 Bg7 4. Be3 a6 5. Qd2 Nd7 6. h4 h6 7. h5 g5 8. 0-0-0 b5 9. d5 Ngf6 10. f3 Ne5 11. Bd3 c5 12. dxc6 Nxc6 13. f4 Ng4 14. fxg5 Nxe3 15. Qxe3 Qa5 16. Kd2 b4 17. Nd5 Bxb2 18. Ke2 Bd4 19. Qf4 Be5 20. Qe3 Nd4+ 21. Kf1 Be6 22. Nf4 Bg4 23. Nf3 hxg5 24. Nxd4 gxf4 25. Qf2 Bxd1 26. Nf5 Qc5 27. Qd2 Rxh5 28. Rxh5 Bxh5 29. Qe1 Bg6 30. Qh4 Bxf5 31. exf5 Kd7 32. Qg4 Rh8 33. Qf3 Rh1+ 34. Ke2 Qe3+ 0-1

[Event "World-chT Rapid"]
[Site "Duesseldorf"]
[Date "2023.08.27"]
[Round "5.14"]
[White "Nechitailo, Lev"]
[Black "Kesselmeier, Kevin"]
[Result "0-1"]
[WhiteElo "1462"]
[BlackElo "2011"]
[PlyCount "56"]
[EventDate "2023.08.26"]
[EventType "team-swiss (rapid)"]
[EventRounds "12"]
[EventCountry "GER"]
[SourceTitle "CBM 215 Extra"]
[Source "ChessBase"]
[SourceDate "2023.09.30"]
[SourceVersion "1"]
[SourceVersionDate "2023.09.30"]
[SourceQuality "1"]
[WhiteTeam "Chess Wizzards"]
[BlackTeam "Wensing & Poebel"]
[WhiteTeamCountry "UKR"]
[BlackTeamCountry "GER"]

1. d4 d5 2. c4 e6 3. Nc3 Bb4 4. cxd5 exd5 5. Qa4+ Nc6 6. Bf4 Nf6 7. e3 0-0 8. Qc2 Re8 9. Nf3 Bg4 10. 0-0-0 Bxc3 11. Qxc3 Ne4 12. Qc2 Nb4 13. Qb3 a5 14. a3 Nxf2 15. axb4 Nxh1 16. Qc2 axb4 17. Kb1 b3 18. Qxb3 Nf2 19. Bd3 Nxd1 20. Qxd1 Qf6 21. Be5 Rxe5 22. dxe5 Qxe5 23. h3 Bxf3 24. Qxf3 c5 25. e4 c4 26. Bc2 d4 27. Qf5 Qxf5 28. exf5 Re8 0-1

[Event "GER-ch Youth-A"]
[Site "Willingen"]
[Date "2022.06.11"]
[Round "9"]
[White "Hess, Wadim"]
[Black "Kesselmeier, Kevin"]
[Result "0-1"]
[WhiteElo "1374"]
[BlackElo "1927"]
[PlyCount "54"]
[EventDate "2022.06.04"]
[EventType "swiss"]
[EventRounds "9"]
[EventCountry "GER"]
[SourceTitle "CBM 208 Extra"]
[Source "ChessBase"]
[SourceDate "2022.07.31"]
[SourceVersion "1"]
[SourceVersionDate "2022.07.31"]
[SourceQuality "1"]

1. d4 d5 2. Nf3 Nf6 3. e3 c5 4. Bd3 Nc6 5. 0-0 Bg4 6. Be2 e6 7. c3 Bd6 8. dxc5 Bxc5 9. b4 Bd6 10. Nbd2 0-0 11. Bb2 Rc8 12. a3 Qe7 13. c4 Rfd8 14. cxd5 Nxd5 15. Qb3 Bb8 16. Ne4 Qc7 17. Ng3 h5 18. b5 Na5 19. Qa4 Qc2 20. Qxa5 Qxb2 21. Rab1 Qc3 22. Qa4 Qc7 23. Rbc1 Qxc1 24. Rxc1 Rxc1+ 25. Nf1 Nc3 26. Qc4 Nxe2+ 27. Qxe2 Rdd1 0-1

[Event "GER-ch Youth-A"]
[Site "Willingen"]
[Date "2022.06.09"]
[Round "7"]
[White "Kamp, Adrian"]
[Black "Kesselmeier, Kevin"]
[Result "1-0"]
[WhiteElo "1969"]
[BlackElo "1927"]
[PlyCount "93"]
[EventDate "2022.06.04"]
[EventType "swiss"]
[EventRounds "9"]
[EventCountry "GER"]
[SourceTitle "CBM 208 Extra"]
[Source "ChessBase"]
[SourceDate "2022.07.31"]
[SourceVersion "1"]
[SourceVersionDate "2022.07.31"]
[SourceQuality "1"]

1. e4 c5 2. d4 cxd4 3. c3 dxc3 4. Nxc3 Nc6 5. Nf3 d6 6. Bc4 e6 7. 0-0 Be7 8. Qe2 Nf6 9. Rd1 e5 10. Be3 0-0 11. Rac1 Be6 12. b4 a6 13. a3 Ng4 14. Bxe6 fxe6 15. Qa2 Rf6 16. Na4 Qe8 17. Nb6 Nxe3 18. fxe3 Rd8 19. Qc4 Qg6 20. Kh1 Qh5 21. Rd2 Rh6 22. Rf1 g5 23. g3 Qg4 24. Rdf2 Rf6 25. Kg2 Qh5 26. Ne1 Rdf8 27. Rxf6 Rxf6 28. Rxf6 Bxf6 29. Qxe6+ Kg7 30. g4 Qg6 31. Qd5 Bd8 32. Nc4 Ne7 33. Qd3 Bc7 34. Nf3 d5 35. Ncd2 h6 36. h3 Nc6 37. Qxd5 Bb8 38. Nc4 Qf7 39. Qd3 Qe6 40. Nb6 Ne7 41. Qd8 Bd6 42. Nc4 Qxc4 43. Qxd6 Ng6 44. Qxg6+ Kf8 45. Qxh6+ Ke8 46. Qh8+ Ke7 47. Qxe5+ 1-0

[Event "GER-ch Youth-A"]
[Site "Willingen"]
[Date "2022.06.08"]
[Round "5"]
[White "Kesselmeier, Kevin"]
[Black "Garbuz, Nicole"]
[Result "1-0"]
[WhiteElo "1927"]
[BlackElo "1824"]
[PlyCount "95"]
[EventDate "2022.06.04"]
[EventType "swiss"]
[EventRounds "9"]
[EventCountry "GER"]
[SourceTitle "CBM 208 Extra"]
[Source "ChessBase"]
[SourceDate "2022.07.31"]
[SourceVersion "1"]
[SourceVersionDate "2022.07.31"]
[SourceQuality "1"]

1. e4 e5 2. Nf3 Nc6 3. Bb5 a6 4. Ba4 Nf6 5. 0-0 Be7 6. Re1 b5 7. Bb3 0-0 8. a4 Bb7 9. d4 Nxd4 10. Nxd4 exd4 11. e5 Ne8 12. c3 dxc3 13. Nxc3 b4 14. Ne2 c5 15. Nf4 Nc7 16. Qg4 Kh8 17. Re3 Ne6 18. Rh3 Ng5 19. Rg3 d5 20. exd6 Qxd6 21. Be3 Bc8 22. Qh5 Qh6 23. Qe2 Qd6 24. Rd1 Qc7 25. Nd5 Qe5 26. Nxe7 Ne4 27. Nc6 Nxg3 28. hxg3 Qc7 29. Bxc5 Rg8 30. Rd6 Bb7 31. Bd5 Rac8 32. Qc4 Rge8 33. Qxb4 Bxc6 34. Bxc6 Rb8 35. Qc3 Red8 36. Rxd8+ Rxd8 37. Bd4 f6 38. Bf3 Qd7 39. Be3 Qxa4 40. Qc7 Qe8 41. g4 Rc8 42. Qd6 Rb8 43. Bc6 Qc8 44. b4 Qg8 45. g3 Rd8 46. Qe7 Rd1+ 47. Kh2 Ra1 48. g5 1-0

[Event "GER-chT Christmas U20"]
[Site "Playchess.com INT"]
[Date "2020.12.29"]
[Round "5.3"]
[White "Biastoch, Bennet"]
[Black "Kesselmeier, Kevin"]
[Result "1-0"]
[WhiteElo "2266"]
[BlackElo "1927"]
[PlyCount "61"]
[EventDate "2020.12.29"]
[EventType "team-swiss (blitz)"]
[EventRounds "7"]
[EventCountry "GER"]
[SourceTitle "CBM 200 Extra"]
[Source "ChessBase"]
[SourceDate "2021.03.31"]
[SourceVersion "1"]
[SourceVersionDate "2021.03.31"]
[SourceQuality "1"]
[WhiteTeam "Magdeburg Aufbau Elbe"]
[BlackTeam "Paderborn Blauer Springer"]
[WhiteTeamCountry "GER"]
[BlackTeamCountry "GER"]

1. e4 c5 2. Nf3 d6 3. d4 cxd4 4. Nxd4 Nf6 5. Nc3 a6 6. h3 e5 7. Nde2 h5 8. Bg5 Be7 9. Bxf6 Bxf6 10. Nd5 Be6 11. Nec3 Nc6 12. Bc4 Bg5 13. 0-0 b5 14. Bb3 g6 15. Qd3 0-0 16. Rad1 b4 17. Ne2 Na5 18. Nxb4 Nxb3 19. axb3 Be7 20. Nd5 Bxd5 21. Qxd5 Rc8 22. Nc3 Qb6 23. Qd3 Rfd8 24. Ra1 Rc6 25. Ra4 Bf8 26. Nd5 Qb5 27. c4 Qb7 28. Rfa1 Rb8 29. b4 Qc8 30. b3 Bg7 31. Ne7+ 1-0

[Event "GER-chT Christmas U20"]
[Site "Playchess.com INT"]
[Date "2020.12.29"]
[Round "4.3"]
[White "Kesselmeier, Kevin"]
[Black "Schwegler, Tim"]
[Result "1-0"]
[WhiteElo "1927"]
[BlackElo "1623"]
[PlyCount "63"]
[EventDate "2020.12.29"]
[EventType "team-swiss (blitz)"]
[EventRounds "7"]
[EventCountry "GER"]
[SourceTitle "CBM 200 Extra"]
[Source "ChessBase"]
[SourceDate "2021.03.31"]
[SourceVersion "1"]
[SourceVersionDate "2021.03.31"]
[SourceQuality "1"]
[WhiteTeam "Paderborn Blauer Springer"]
[BlackTeam "Leipheim"]
[WhiteTeamCountry "GER"]
[BlackTeamCountry "GER"]

1. e4 e5 2. Nf3 Nc6 3. Bb5 Bc5 4. c3 d6 5. d4 exd4 6. cxd4 Bb4+ 7. Nc3 Bd7 8. 0-0 Nge7 9. h3 a6 10. Ba4 h6 11. Bf4 g5 12. Bg3 Ng6 13. Nd5 Ba5 14. e5 0-0 15. Nf6+ Kg7 16. Nxd7 Qxd7 17. d5 b5 18. dxc6 Qxc6 19. Bb3 f5 20. exf6+ Rxf6 21. Bd5 Qe8 22. Bxa8 Qxa8 23. Rc1 Rf5 24. b4 Bb6 25. Re1 h5 26. Qd3 Kf6 27. Re2 g4 28. Nh4 Nf4 29. Qxf5+ Kg7 30. Re7+ Kg8 31. Qh7+ Kf8 32. Qg7# 1-0

[Event "GER-chT Christmas U20"]
[Site "Playchess.com INT"]
[Date "2020.12.29"]
[Round "6.3"]
[White "Kesselmeier, Kevin"]
[Black "Sommer, Justus"]
[Result "0-1"]
[WhiteElo "1927"]
[BlackElo "1744"]
[PlyCount "110"]
[EventDate "2020.12.29"]
[EventType "team-swiss (blitz)"]
[EventRounds "7"]
[EventCountry "GER"]
[SourceTitle "CBM 200 Extra"]
[Source "ChessBase"]
[SourceDate "2021.03.31"]
[SourceVersion "1"]
[SourceVersionDate "2021.03.31"]
[SourceQuality "1"]
[WhiteTeam "Paderborn Blauer Springer"]
[BlackTeam "Luebeck II"]
[WhiteTeamCountry "GER"]
[BlackTeamCountry "GER"]

1. e4 e5 2. Nf3 Nc6 3. Bb5 a6 4. Ba4 Nf6 5. 0-0 Be7 6. Re1 b5 7. Bb3 d6 8. h3 0-0 9. c3 Re8 10. d4 Nd7 11. Nbd2 exd4 12. cxd4 Bf6 13. Nf1 g6 14. Bh6 Bb7 15. Ng3 Na5 16. Bc2 Nc4 17. b3 Ncb6 18. Qd2 c5 19. Bf4 Nf8 20. Rad1 Ne6 21. dxc5 dxc5 22. Qa5 Qc8 23. Qxb6 Bc6 24. Rd6 Bd7 25. Red1 Bd8 26. Rxd7 Bxb6 27. Bh6 Rd8 28. Rxd8+ Bxd8 29. e5 Be7 30. Ne4 Qc7 31. h4 Rd8 32. Re1 Bf8 33. Be3 Bg7 34. h5 Nd4 35. hxg6 hxg6 36. Bxd4 cxd4 37. Bd3 Bxe5 38. Neg5 Bg7 39. g3 Qc3 40. Rd1 Re8 41. Ne4 Qc6 42. Nfd2 Bh6 43. f3 Bxd2 44. Rxd2 Qc1+ 45. Kf2 Rxe4 46. Rc2 Qe1+ 47. Kg2 Re3 48. Rc8+ Kg7 49. Be4 Re2+ 50. Kh3 Rxe4 51. fxe4 Qxe4 52. Rb8 d3 53. Rd8 Qh1+ 54. Kg4 Qd1+ 55. Kf4 Qe2 0-1

[Event "DSOL 03 Liga Final 1st"]
[Site "Playchess.com INT"]
[Date "2020.08.26"]
[Round "1.3"]
[White "Kesselmeier, Kevin"]
[Black "Andrae, Ralf"]
[Result "0-1"]
[WhiteElo "1938"]
[BlackElo "1904"]
[PlyCount "38"]
[EventDate "2020.06.22"]
[EventType "team-k.o. (rapid)"]
[EventCountry "GER"]
[SourceTitle "EXT 2021"]
[Source "ChessBase"]
[SourceDate "2020.10.23"]
[SourceVersion "1"]
[SourceVersionDate "2020.10.23"]
[SourceQuality "1"]
[WhiteTeam "Paderborn Blauer Springer"]
[BlackTeam "Bad Toelz"]
[WhiteTeamCountry "GER"]
[BlackTeamCountry "GER"]

1. e4 g6 2. d4 Bg7 3. Nc3 c6 4. Be3 d5 5. e5 f6 6. f4 Nh6 7. Nf3 0-0 8. Qd2 Bg4 9. Ng1 fxe5 10. fxe5 Nf5 11. Bf4 Qb6 12. h3 Nxd4 13. hxg4 Rxf4 14. Qxf4 Nxc2+ 15. Kd2 Nxa1 16. Kc1 Nd7 17. Nf3 Rf8 18. Qg5 Qf2 19. Qxe7 Qc2# 0-1

[Event "DSOL 03 Liga Gr-C 1st"]
[Site "Playchess.com INT"]
[Date "2020.08.12"]
[Round "2.2"]
[White "Schuette, Marcel"]
[Black "Kesselmeier, Kevin"]
[Result "0-1"]
[WhiteElo "1907"]
[BlackElo "1938"]
[PlyCount "62"]
[EventDate "2020.06.22"]
[EventType "team-tourn (rapid)"]
[EventCountry "GER"]
[SourceTitle "EXT 2021"]
[Source "ChessBase"]
[SourceDate "2020.10.23"]
[SourceVersion "1"]
[SourceVersionDate "2020.10.23"]
[SourceQuality "1"]
[WhiteTeam "Geseke"]
[BlackTeam "Paderborn Blauer Springer"]
[WhiteTeamCountry "GER"]
[BlackTeamCountry "GER"]

1. e4 c5 2. d3 d6 3. g3 g6 4. Bg2 Bg7 5. Ne2 Nc6 6. 0-0 e6 7. c3 Nge7 8. Na3 0-0 9. d4 cxd4 10. cxd4 Rb8 11. Bf4 b5 12. Rc1 Qd7 13. Qd2 Rd8 14. Bg5 a6 15. e5 dxe5 16. Bxc6 Nxc6 17. Bxd8 Nxd8 18. Rfd1 exd4 19. Nxd4 Bb7 20. Nb3 Qe7 21. Nc5 Bd5 22. Nxa6 Qf6 23. Nxb8 Qf3 24. Qxd5 exd5 25. Nxb5 Ne6 26. Rc8+ Bf8 27. Re1 Ng5 28. h4 Nh3+ 29. Kh2 Qxf2+ 30. Kxh3 Qf5+ 31. g4 Qxc8 0-1

[Event "GER-ch U25-A"]
[Site "Willingen"]
[Date "2019.06.14"]
[Round "8"]
[White "Kesselmeier, Kevin"]
[Black "Uhlendorff, Luca"]
[Result "1-0"]
[WhiteElo "1937"]
[BlackElo "1735"]
[PlyCount "101"]
[EventDate "2019.06.08"]
[EventType "swiss"]
[EventRounds "9"]
[EventCountry "GER"]
[SourceTitle "CBM 191 Extra"]
[Source "ChessBase"]
[SourceDate "2019.09.30"]
[SourceVersion "1"]
[SourceVersionDate "2019.09.30"]
[SourceQuality "1"]

1. e4 d5 2. exd5 Qxd5 3. Nc3 Qd8 4. d4 Nf6 5. Nf3 Bg4 6. h3 Bxf3 7. Qxf3 c6 8. Be3 e6 9. Bd3 Nbd7 10. 0-0-0 Bb4 11. Ne2 Nd5 12. Kb1 b5 13. g4 N7b6 14. g5 Nc4 15. Bc1 a5 16. h4 a4 17. h5 a3 18. b3 Nb2 19. Rdg1 Nxd3 20. Qxd3 Qd7 21. g6 hxg6 22. hxg6 Rxh1 23. Rxh1 0-0-0 24. c4 Nc7 25. cxb5 Nxb5 26. Qc4 Be7 27. gxf7 Bf6 28. Rh5 Nxd4 29. Ra5 Qd6 30. Ra8+ Kc7 31. Nxd4 Bxd4 32. Rxd8 Kxd8 33. f8Q+ Qxf8 34. Qxd4+ Kc8 35. Qe4 Kd7 36. f4 Qc5 37. Be3 Qh5 38. Qd4+ Kc8 39. Kc2 Qh1 40. Qc3 Qe4+ 41. Qd3 Qg2+ 42. Bd2 Qh1 43. Qa6+ Kd7 44. Qxa3 Qe4+ 45. Kc1 Qh1+ 46. Kb2 Qg1 47. Qb4 Qf2 48. Qc3 e5 49. fxe5 g5 50. Qe3 Qf7 51. e6+ 1-0

[Event "GER-chT U16"]
[Site "Neumarkt in der Oberpfalz"]
[Date "2016.12.29"]
[Round "5.1"]
[White "Kasueschke, Lars"]
[Black "Kesselmeier, Kevin"]
[Result "1/2-1/2"]
[WhiteElo "1876"]
[BlackElo "1815"]
[PlyCount "125"]
[EventDate "2016.12.27"]
[EventType "team-swiss"]
[EventRounds "7"]
[EventCountry "GER"]
[SourceTitle "EXT 2018"]
[Source "ChessBase"]
[SourceDate "2017.10.13"]
[SourceVersion "1"]
[SourceVersionDate "2017.10.13"]
[SourceQuality "1"]
[WhiteTeam "Schwaebisch Gmuend"]
[BlackTeam "Paderborn Blauer Springer"]
[WhiteTeamCountry "GER"]
[BlackTeamCountry "GER"]

1. e4 d5 2. exd5 Qxd5 3. d4 Nf6 4. Nf3 Bg4 5. Be2 Nc6 6. c3 e6 7. Bf4 Rc8 8. 0-0 Be7 9. Nbd2 Qf5 10. Bg3 g5 11. Nc4 Bxf3 12. Bxf3 Qb5 13. Qb3 a6 14. Ne5 Nxe5 15. Bxe5 Qxb3 16. axb3 c6 17. b4 Rg8 18. b5 axb5 19. Ra7 g4 20. Be2 Ne4 21. Bd3 f6 22. Bxe4 fxe5 23. dxe5 Rb8 24. Rxb7 Rxb7 25. Bxc6+ Kf7 26. Bxb7 Rd8 27. f3 Bc5+ 28. Kh1 gxf3 29. Bxf3 Rd2 30. b4 Bb6 31. h3 Rc2 32. Be4+ Rf2 33. Re1 h6 34. Bd3 Rb2 35. Bxb5 Rb3 36. c4 Rxb4 37. Rd1 Be3 38. g3 Rb3 39. Rd7+ Kg6 40. g4 Kg5 41. Rf7 Bd4 42. Bd7 Rxh3+ 43. Kg2 Re3 44. Rg7+ Kf4 45. Bxe6 Rxe5 46. Rg6 h5 47. Rf6+ Kg5 48. Rf5+ Rxf5 49. gxf5 Kf4 50. Kh3 Kg5 51. Kg3 h4+ 52. Kf3 Bc5 53. Ke4 Be7 54. Bc8 Bb4 55. Ke5 Ba3 56. Ke6 h3 57. Bb7 h2 58. f6 Bb2 59. f7 Ba3 60. Be4 Bb4 61. Ke5 Ba3 62. Kd4 Kf6 63. Bd5 1/2-1/2

[Event "GER-chT U16"]
[Site "Neumarkt in der Oberpfalz"]
[Date "2016.12.29"]
[Round "6.1"]
[White "Kesselmeier, Kevin"]
[Black "Ovsepyan, Arshak"]
[Result "0-1"]
[WhiteElo "1815"]
[BlackElo "2139"]
[PlyCount "78"]
[EventDate "2016.12.27"]
[EventType "team-swiss"]
[EventRounds "7"]
[EventCountry "GER"]
[SourceTitle "EXT 2018"]
[Source "ChessBase"]
[SourceDate "2017.10.13"]
[SourceVersion "1"]
[SourceVersionDate "2017.10.13"]
[SourceQuality "1"]
[WhiteTeam "Paderborn Blauer Springer"]
[BlackTeam "Graefelfing"]
[WhiteTeamCountry "GER"]
[BlackTeamCountry "GER"]

1. f4 d5 2. g3 Nf6 3. Nf3 g6 4. Bg2 Bg7 5. 0-0 0-0 6. d3 c6 7. h3 Nbd7 8. c3 Re8 9. Qc2 e5 10. fxe5 Nxe5 11. Kh2 Qc7 12. e4 Nxd3 13. Qxd3 dxe4 14. Qc2 exf3 15. Bxf3 Bf5 16. Qg2 Nd5 17. Na3 Rad8 18. Nc2 Be5 19. Rf2 Qb6 20. c4 Nb4 21. Be3 Qa5 22. Nxb4 Qxb4 23. Rc1 Bxg3+ 24. Qxg3 Rxe3 25. a3 Qd6 26. Qxd6 Rxd6 27. Kg3 Rdd3 28. Rcf1 Be4 29. Kf4 Bxf3 30. Rxf3 Rxf3+ 31. Rxf3 Rxf3+ 32. Kxf3 Kf8 33. Ke4 Ke7 34. a4 Ke6 35. b4 f5+ 36. Kd4 g5 37. a5 g4 38. hxg4 fxg4 39. b5 cxb5 0-1

[Event "GER-chT U16"]
[Site "Neumarkt in der Oberpfalz"]
[Date "2016.12.28"]
[Round "4.1"]
[White "Kesselmeier, Kevin"]
[Black "Balazs, Balint"]
[Result "0-1"]
[WhiteElo "1815"]
[BlackElo "2059"]
[PlyCount "160"]
[EventDate "2016.12.27"]
[EventType "team-swiss"]
[EventRounds "7"]
[EventCountry "GER"]
[SourceTitle "EXT 2018"]
[Source "ChessBase"]
[SourceDate "2017.10.13"]
[SourceVersion "1"]
[SourceVersionDate "2017.10.13"]
[SourceQuality "1"]
[WhiteTeam "Paderborn Blauer Springer"]
[BlackTeam "Hagen"]
[WhiteTeamCountry "GER"]
[BlackTeamCountry "GER"]

1. f4 b6 2. Nf3 Bb7 3. g3 e6 4. Bg2 Nf6 5. c3 Be7 6. 0-0 d6 7. d3 c5 8. e4 Qc7 9. Qc2 Nbd7 10. h3 c4 11. Nfd2 cxd3 12. Qxd3 Nc5 13. Qc2 0-0 14. b4 Ncd7 15. Na3 a6 16. Nb3 Rac8 17. Bd2 d5 18. e5 Ne4 19. Bxe4 dxe4 20. Nd4 Rfd8 21. Rac1 b5 22. Be3 Nb6 23. Rfe1 Nd5 24. Qd2 Nxe3 25. Qxe3 Qb6 26. Rcd1 f6 27. Kh2 fxe5 28. fxe5 Bd5 29. Nf5 Qxe3 30. Nxe7+ Kf7 31. Rxe3 Kxe7 32. Rd2 Rf8 33. Kg1 Rf5 34. Nc2 Rcf8 35. Nd4 Rf1+ 36. Kg2 Ra1 37. h4 Rff1 38. Kh2 h5 39. Kg2 Rg1+ 40. Kh2 Rh1+ 41. Kg2 Raf1 42. Rde2 Rfg1+ 43. Kf2 Rc1 44. Kg2 Rhg1+ 45. Kh2 Rgd1 46. Nb3 Rh1+ 47. Kg2 Rcg1+ 48. Kf2 Rd1 49. Kg2 Rhg1+ 50. Kh2 Rgf1 51. Nd2 Rf5 52. Nxe4 Rxe5 53. Kg2 Rxe4 54. Rxe4 Kf6 55. Kf2 Bxe4 56. Rxe4 Rd2+ 57. Ke3 Rg2 58. Rf4+ Ke5 59. Re4+ Kf6 60. Rf4+ Ke7 61. Rf3 Rxa2 62. Kd4 Rd2+ 63. Ke4 Rd5 64. Ke3 Rf5 65. Rf4 Rxf4 66. Kxf4 Kf6 67. Ke4 e5 68. Kd5 Kf5 69. c4 bxc4 70. Kxc4 Ke4 71. Kc5 Kf3 72. Kb6 e4 73. Kxa6 e3 74. b5 e2 75. b6 e1Q 76. b7 Qb4 77. Ka7 Qa5+ 78. Kb8 Kxg3 79. Kc8 Qc5+ 80. Kd8 Qb6+ 0-1

[Event "GER-chT U14"]
[Site "Verden"]
[Date "2015.12.28"]
[Round "3.1"]
[White "Kesselmeier, Kevin"]
[Black "Wendler, David"]
[Result "1-0"]
[WhiteElo "1660"]
[BlackElo "1840"]
[PlyCount "65"]
[EventDate "2015.12.27"]
[EventType "team-swiss"]
[EventRounds "7"]
[EventCountry "GER"]
[SourceTitle "EXT 2017"]
[Source "ChessBase"]
[SourceDate "2016.10.25"]
[SourceVersion "1"]
[SourceVersionDate "2016.10.25"]
[SourceQuality "1"]
[WhiteTeam "Paderborn Blauer Springer"]
[BlackTeam "Bebenhausen"]
[WhiteTeamCountry "GER"]
[BlackTeamCountry "GER"]

1. e4 c5 2. Nf3 Nc6 3. Bb5 g6 4. Bxc6 dxc6 5. 0-0 Bg7 6. h3 Nf6 7. Re1 0-0 8. c3 Qb6 9. d4 Rd8 10. Qc2 cxd4 11. cxd4 Bd7 12. Be3 Qc7 13. Nc3 Rac8 14. Rac1 Nh5 15. e5 Bf8 16. g4 Ng7 17. Bg5 Be6 18. Qe4 Bd5 19. Nxd5 Rxd5 20. h4 Ne6 21. Rc3 Rcd8 22. Be3 Bg7 23. Rd1 Bxe5 24. Rd2 Bf4 25. Kg2 Bxe3 26. fxe3 Qb6 27. Ne5 Qa5 28. Rf2 Nxd4 29. Nxf7 Rf8 30. Nh6+ Kg7 31. Qxe7+ Rf7 32. Qxf7+ Kxh6 33. Qf8# 1-0

[Event "GER-chT U14"]
[Site "Verden"]
[Date "2015.12.28"]
[Round "4.1"]
[White "Wiesner, Alexander"]
[Black "Kesselmeier, Kevin"]
[Result "0-1"]
[WhiteElo "1858"]
[BlackElo "1660"]
[PlyCount "144"]
[EventDate "2015.12.27"]
[EventType "team-swiss"]
[EventRounds "7"]
[EventCountry "GER"]
[SourceTitle "EXT 2017"]
[Source "ChessBase"]
[SourceDate "2016.10.25"]
[SourceVersion "1"]
[SourceVersionDate "2016.10.25"]
[SourceQuality "1"]
[WhiteTeam "Karlsruhe"]
[BlackTeam "Paderborn Blauer Springer"]
[WhiteTeamCountry "GER"]
[BlackTeamCountry "GER"]

1. f4 c5 2. Nf3 Nc6 3. g3 g6 4. Bg2 Bg7 5. 0-0 e6 6. Nc3 Nge7 7. e4 d6 8. d3 0-0 9. Be3 a6 10. Kh1 b5 11. d4 cxd4 12. Nxd4 Bb7 13. Nce2 Rc8 14. c3 Na5 15. Bf2 e5 16. Nc2 Qc7 17. Qd3 Rfd8 18. Ne3 Nc4 19. Nxc4 Qxc4 20. Qxc4 Rxc4 21. b3 Rcc8 22. Rac1 d5 23. exd5 Bxd5 24. Rc2 Bxg2+ 25. Kxg2 e4 26. Bd4 Bxd4 27. Nxd4 Rxd4 28. Rfc1 Rd3 29. c4 bxc4 30. bxc4 Nf5 31. Kf2 Rf3+ 32. Ke1 Ne3 33. Rc3 Rf1+ 34. Ke2 Rxc1 35. Rxc1 Rxc4 36. Rb1 Nf5 37. Rb2 a5 38. g4 Nh6 39. h3 f5 40. Rb8+ Kg7 41. Rb7+ Nf7 42. gxf5 gxf5 43. Rb5 Rc2+ 44. Ke3 Rxa2 45. Rxf5 Ra3+ 46. Kd2 a4 47. Ra5 h6 48. h4 Rf3 49. Rxa4 Rxf4 50. h5 Kf6 51. Ke3 Rg4 52. Ra5 Rh4 53. Ra6+ Ke5 54. Ra5+ Ke6 55. Rc5 Nd6 56. Ke2 Rh3 57. Ra5 Nf5 58. Ra4 Ke5 59. Ra5+ Kf4 60. Ra8 Rxh5 61. Rg8 Rh2+ 62. Ke1 e3 63. Ra8 Kf3 64. Kd1 e2+ 65. Kd2 Rh1 66. Ra3+ Kf2 67. Kd3 Rh3+ 68. Kc2 Rxa3 69. Kb2 Rh3 70. Kc2 e1Q 71. Kb2 Qd2+ 72. Kb1 Rh1# 0-1

[Event "GER-chT U12"]
[Site "Schney"]
[Date "2013.12.30"]
[Round "7.2"]
[White "Kartsev, Nikolaj"]
[Black "Kesselmeier, Kevin"]
[Result "0-1"]
[WhiteElo "1500"]
[BlackElo "1372"]
[PlyCount "58"]
[EventDate "2013.12.27"]
[EventType "team-swiss"]
[EventRounds "7"]
[EventCountry "GER"]
[SourceTitle "EXT 2015"]
[Source "ChessBase"]
[SourceDate "2014.11.20"]
[SourceVersion "1"]
[SourceVersionDate "2014.11.20"]
[SourceQuality "1"]
[WhiteTeam "Brackel"]
[BlackTeam "Paderborn"]
[WhiteTeamCountry "GER"]
[BlackTeamCountry "GER"]

1. Nf3 Nf6 2. g3 g6 3. Bg2 Bg7 4. d3 d5 5. 0-0 0-0 6. Nbd2 c5 7. c4 e6 8. e4 Nc6 9. Ne1 d4 10. f4 e5 11. Ndf3 h6 12. fxe5 Ng4 13. a3 Ngxe5 14. Nxe5 Nxe5 15. h3 Qe7 16. Rb1 a5 17. Nc2 f5 18. Kh2 Kh7 19. b4 fxe4 20. Bxe4 Nxc4 21. Bxg6+ Kxg6 22. dxc4 Rxf1 23. Qxf1 Bf5 24. Qd1 Re8 25. Kg1 Qe2 26. Qxe2 Rxe2 27. Rb2 d3 28. Ra2 d2 29. Bxd2 Rxd2 0-1

[Event "GER-chT U12"]
[Site "Schney"]
[Date "2013.12.29"]
[Round "5.2"]
[White "Kesselmeier, Kevin"]
[Black "Browning, Alex"]
[Result "1-0"]
[WhiteElo "1372"]
[BlackElo "1517"]
[PlyCount "55"]
[EventDate "2013.12.27"]
[EventType "team-swiss"]
[EventRounds "7"]
[EventCountry "GER"]
[SourceTitle "EXT 2015"]
[Source "ChessBase"]
[SourceDate "2014.11.20"]
[SourceVersion "1"]
[SourceVersionDate "2014.11.20"]
[SourceQuality "1"]
[WhiteTeam "Paderborn"]
[BlackTeam "Halver Schalksmuehle"]
[WhiteTeamCountry "GER"]
[BlackTeamCountry "GER"]

1. e4 c5 2. c4 Nc6 3. Nc3 Nf6 4. g3 e6 5. Bg2 Be7 6. Nge2 0-0 7. 0-0 a6 8. d3 Rb8 9. a4 Ne8 10. f4 Nc7 11. Be3 b5 12. axb5 axb5 13. cxb5 Nxb5 14. Bh3 Nbd4 15. Rb1 Ba6 16. Bxd4 cxd4 17. Na2 Qa5 18. Nac1 Rfc8 19. Rf3 Ba3 20. Nb3 Qb6 21. bxa3 Na5 22. Nd2 Qc6 23. Nb3 Qb6 24. Nd2 Qc6 25. Kg2 Rxb1 26. Qxb1 Qc2 27. Qe1 Bxd3 28. Nxd4 1-0